Word Ladder: Extreme Athlete Quiz Stats

 Plays Quiz Updated Sep 28, 2016

Challenge
Share
Tweet
Embed
Score 0/10 Timer 01:00
0 Plays Today
Clue 4-Letter Word % Correct
What an actor might forget on stageLINE
97.1%
A section of a bowling alleyLANE
96.7%
Minuscule TINY
95.8%
The prong of a forkTINE
94.3%
Timed competition to reach the finish RACE
94%
Infiltrate another computer without permissionHACK
93.2%
A web-patterned fabricLACE
91.6%
What a US marine calls his bedRACK
89%
• Pro skateboarder known as 'The Birdman' ___ [last rung] ••TONY•
77.9%
• Pro skateboarder who was first to land 'The 900' [first rung] ___•HAWK•
74.4%

Today's Daily Dose

Missing Word
Bible Verses

Quick Pick
Brad Pitt Roles

On This Day
July 21st II

You're not logged in!

Compare scores with friends on all Sporcle quizzes.
Join for Free
OR
Log In

You Might Also Like...

Show Comments

Extras

Top Quizzes Today


Score Distribution

Your Account Isn't Verified!

In order to create a playlist on Sporcle, you need to verify the email address you used during registration. Go to your Sporcle Settings to finish the process.

Report this User

Report this user for behavior that violates our Community Guidelines.

Details: